AH International Schools' Libraries

The Kingfisher first dinosaur picture atlas / (Record no. 49834)

MARC details
000 -LEADER
fixed length control field 01030nam a2200301 4500
015 ## - NATIONAL BIBLIOGRAPHY NUMBER
National bibliography number GBA848314
Source bnb
016 7# - NATIONAL BIBLIOGRAPHIC AGENCY CONTROL NUMBER
Record control number 014567174
Source Uk
020 ## - INTERNATIONAL STANDARD BOOK NUMBER
International Standard Book Number 9780753414446 (cased) :
Terms of availability £9.99
020 ## - INTERNATIONAL STANDARD BOOK NUMBER
International Standard Book Number 0753414449 (cased) :
Terms of availability £9.99
035 ## - SYSTEM CONTROL NUMBER
System control number (UkCU)4630688
038 ## - RECORD CONTENT LICENSOR
Record content licensor Uk
040 ## - CATALOGING SOURCE
Original cataloging agency StDuBDS
Language of cataloging eng
Transcribing agency StDuBDS
Modifying agency UkCU
-- Uk
042 ## - AUTHENTICATION CODE
Authentication code ukscp
082 04 - DEWEY DECIMAL CLASSIFICATION NUMBER
Classification number 567.9
Edition number 22
100 1# - MAIN ENTRY--PERSONAL NAME
Personal name Burnie, David,
Relator term auhtor.
245 14 - TITLE STATEMENT
Title The Kingfisher first dinosaur picture atlas /
Statement of responsibility, etc written by David Burnie ; illustrated by Anthony Lewis.
260 ## - PUBLICATION, DISTRIBUTION, ETC. (IMPRINT)
Place of publication, distribution, etc London :
Name of publisher, distributor, etc Kingfisher,
Date of publication, distribution, etc 2008.
300 ## - PHYSICAL DESCRIPTION
Extent 48 p. :
Other physical details col. ill., col. maps ;
Dimensions 31 cm.
500 ## - GENERAL NOTE
General note Includes index.
500 ## - GENERAL NOTE
General note Includes fold-out map and bookmark.
500 ## - GENERAL NOTE
General note Formerly CIP.
Institution to which field applies Uk
650 #0 - SUBJECT ADDED ENTRY--TOPICAL TERM
Topical term or geographic name as entry element Dinosaurs
Form subdivision Maps for children.
9 (RLIN) 86972
650 #0 - SUBJECT ADDED ENTRY--TOPICAL TERM
Topical term or geographic name as entry element Dinosaurs
Form subdivision Juvenile literature.
650 #0 - SUBJECT ADDED ENTRY--TOPICAL TERM
Topical term or geographic name as entry element Dinosaurs
Form subdivision Pictorial works
-- Juvenile literature.
9 (RLIN) 35980
700 1# - ADDED ENTRY--PERSONAL NAME
Personal name Lewis, Anthony,
Dates associated with a name 1966-
9 (RLIN) 38839
942 ## - ADDED ENTRY ELEMENTS (KOHA)
Source of classification or shelving scheme
Koha item type Book

No items available.

For any Logos Library related questions please contact Miss Art at swongnarasuk@asianhope.org.

For any Asian Hope Library related questions please contact Miss Raza at graza@asianhope.org.

Click here to explore our ebooks!

Powered by Koha